000 00457nam a2200181Ia 4500
003 LK-CoDNM
008 010623t2008 xxu||||| |||| 00| 1 sin d
040 _aLK-CoDNM
_dLK-CoDNM
_eLK-CoDNM
041 _asin
080 _a809.13
_bNAR
100 _aNarada, Kiulegedara
_rev
245 _aඅලංකාර සියය
246 _aAlankara siyaya
260 _bAuthor
_c2008
300 _b136, 22 cm
650 _aLanguage Linguisties
942 _cBK
999 _c127514
_d127514